Greatest Rock and Roll Songs With a Girls Name in the Title - Statistics

General Stats
  • This quiz has been taken 406 times
    377 since last reset
  • The average score is 8 of 16
Answer Stats
SONG ARTIST % Correct
Billy Jean Michael Jackson
95%
Roxanne The Police
85%
Sweet Caroline Neil Diamond
74%
Maggie May Rod Stewart
71%
Angie Rolling Stones
68%
Proud Mary Creedence Clearwater Revival
67%
Layla Derek and the Dominos
65%
Peggy Sue Buddy Holly
62%
My Sharona The Knack
56%
The Wind Cries Mary Jimi Hendrix
45%
Bette Davis Eyes Kim Carnes
43%
Long Tall Sally Little Richard
36%
Cathy's Clown The Everly Brothers
34%
Veronica Elvis Costello
21%
Hello Mary Lou Ricky Nelson
20%
My Michelle Guns & Roses
5%
No matching quizzes found
Score Distribution
Percent of People with Each Score
Percentile by Number Answered
Your Score History
You have not taken this quiz since the last reset